| 000 | 00585nam a22001937a 4500 | ||
|---|---|---|---|
| 999 |
_c527120 _d527120 |
||
| 003 | NUST | ||
| 005 | 20190720153851.0 | ||
| 008 | 190720b ||||| |||| 00| 0 eng d | ||
| 020 | _qHardcover. | ||
| 038 | _aAttaullah. | ||
| 082 | _a658 | ||
| 100 |
_aAziz, Fizzah _918225 |
||
| 245 |
_aInvestigating Co-Creation Strategy and its Validity in the Pakistani Context: A Case Study on Telenor / _cFizzah Aziz. |
||
| 260 |
_aIslamabad: _bNBS - NUST, _c2014. |
||
| 300 |
_a63 p. : ill. ; _c30cm. |
||
| 650 |
_aMBA Thesis. _917629 |
||
| 700 |
_aDr. Zainab Riaz. _917650 |
||
| 942 |
_2ddc _cTHE |
||